00197nam a2200085Ia 4500008004100000041000800041100001200049245004100061260000900102230508s1992 xx 000 0 und d aeng aCOULSON aCHEMICAL ENGG. SOL TO PROB IN VILUME c1992